LEADER 01243nam0 2200313 i 450 001 SUN0018822 005 20150623104909.717 010 $a01-230-4250-x 100 $a20040705d1992 |0engc50 ba 101 $aeng 102 $aGB 105 $a||||A ||||| 200 1 $aCapillary electrophoresis$etheory & practice$fedited by Paul D. Grossman, Joel C. Colburn 210 $aLondon$cAcademic$d1992 215 $axvi, 352 p.$d24 cm. 620 $aGB$dLondon$3SUNL000015 676 $a572.36$cBiochimica analitica$v22 676 $a541.372$cSoluzioni elettrolitiche$v22 702 1$aGrossman$b, Paul D.$3SUNV014886 702 1$aColburn$b, Joel C.$3SUNV014887 712 $aAcademic$3SUNV000123$4650 790 1$aGrossman, P.D.$zGrossman, Paul D.$3SUNV062746 790 1$aGrossman, P. D.$zGrossman, Paul D.$3SUNV062747 790 1$aColburn, J. C.$zColburn, Joel C.$3SUNV102394 801 $aIT$bSOL$c20200622$gRICA 912 $aSUN0018822 950 $aUFFICIO DI BIBLIOTECA DEL DIPARTIMENTO DI SCIENZE E TECNOLOGIE AMBIENTALI BIOLOGICHE E FARMACEUTICHE$d17CONS Bb8 $e17FMF2707 20040705 $sBuono 996 $aCapillary Electrophoresis$91109110 997 $aUNICAMPANIA LEADER 00928nam0-22003131i-450 001 990003317880403321 005 20221214144217.0 035 $a000331788 035 $aFED01000331788 035 $a(Aleph)000331788FED01 035 $a000331788 100 $a20001010d1932----km-y0itay50------ba 101 0 $aeng 102 $aIT 105 $ay-------001yy 200 1 $aLessons on the laws and customs of british trade with italian notes$fRaffaele Gambaro 205 $a6th edition revised and enlarged 210 $aBologna$cZanichelli$d1932 215 $aXIV, 365 p.$d19 cm 676 $a082.2 700 1$aGambaro,$bRaffaele$0137745 801 0$aIT$bUNINA$gRICA$2UNIMARC 901 $aBK 912 $a990003317880403321 952 $a082.2 GAM$bLINGUE B 049.820$fDECLI 959 $aDECLI 996 $aLessons on the Laws and Customs of British Trade (With Italian Notes)$9447147 997 $aUNINA DB $aING01